Pays les moins devinés sur Jetpunk - Statistiques

Statistiques générales
  • Ce quiz a été pris 1 094 fois
  • Le résultat moyen est 14 sur 20
Statistiques - réponses
% Pays % Correct
18% Saint-Vincent-et-les-Grenadines
76%
17% Tuvalu
75%
20% Sainte-Lucie
74%
18% Îles Marshall
73%
17% Saint-Christophe-et-Nièves
73%
21% Vanuatu
73%
15% Nauru
72%
21% Micronésie
70%
20% Samoa
70%
20% Tonga
70%
16% Kiribati
68%
15% Palaos
67%
17% Îles Salomon
65%
17% Antigua-et-Barbuda
64%
17% São-Tomé-et-Principe
64%
17% Timor Oriental
64%
21% Trinité-et-Tobago
64%
18% Grenade
61%
20% Brunei
60%
21% Bahreïn
49%
Aucun quiz correspondant
Distribution des résultats
% des personnes avec chaque résultat
Percentile par nombre de réponses
Votre historique - résultats
Vous n’avez pas pris ce quiz